Assessment of air quality in Slovakia accordance with the target of Europe 2020

Kvalita ovzdušia, znečistenie ovzdušia na Slovensku vzhľadom na ciele Európskej únie v tejto oblasti do roku 2020. Rozsah znečistenia ovzdušia v regiónoch Slovenska.

Salvato in:
Dettagli Bibliografici
Autore principale: Spišáková, Emília, 1983-
Altri autori: Pčolinská, Lenka
Natura: Capitolo di libro
Lingua:inglese
Soggetti:
Tags: Aggiungi Tag
Nessun Tag, puoi essere il primo ad aggiungerne!!

MARC

LEADER 00000naa$a2200000$$$4500
001 0160567
005 20240614080409.2
041 0 |a eng 
044 |a BG 
245 1 0 |a Assessment of air quality in Slovakia accordance with the target of Europe 2020  |c Emília Spišáková, Lenka Pčolinská 
520 |a Kvalita ovzdušia, znečistenie ovzdušia na Slovensku vzhľadom na ciele Európskej únie v tejto oblasti do roku 2020. Rozsah znečistenia ovzdušia v regiónoch Slovenska. 
610 2 0 |a znečistenie ovzdušia 
610 2 0 |a kvalita ovzdušia 
610 2 0 |a regióny 
610 2 0 |a Slovensko 
610 2 0 |a Európa 
100 1 |a Spišáková, Emília, 1983- 
700 1 |a Pčolinská, Lenka